<?xml version="1.0" encoding="UTF-8"?>
<record
    xmlns:xsi="http://www.w3.org/2001/XMLSchema-instance"
    xsi:schemaLocation="http://www.loc.gov/MARC21/slim http://www.loc.gov/standards/marcxml/schema/MARC21slim.xsd"
    xmlns="http://www.loc.gov/MARC21/slim">

  <leader>01325cam a2200277 a 4500</leader>
  <controlfield tag="001">14285617</controlfield>
  <controlfield tag="003">NUST</controlfield>
  <controlfield tag="005">20221118154038.0</controlfield>
  <controlfield tag="008">060303s2006    cau           001 0 eng  </controlfield>
  <datafield tag="010" ind1=" " ind2=" ">
    <subfield code="a">  2006272692</subfield>
  </datafield>
  <datafield tag="020" ind1=" " ind2=" ">
    <subfield code="a">978-0-495-55497-9</subfield>
  </datafield>
  <datafield tag="040" ind1=" " ind2=" ">
    <subfield code="a">DLC</subfield>
    <subfield code="c">DLC</subfield>
  </datafield>
  <datafield tag="050" ind1="0" ind2="0">
    <subfield code="a">QA39.3</subfield>
    <subfield code="b">.S74 2006</subfield>
  </datafield>
  <datafield tag="082" ind1=" " ind2=" ">
    <subfield code="a">515.25,STE</subfield>
  </datafield>
  <datafield tag="100" ind1="1" ind2=" ">
    <subfield code="a">Stewart, James,</subfield>
    <subfield code="d">1941-</subfield>
    <subfield code="9">14812</subfield>
  </datafield>
  <datafield tag="245" ind1="1" ind2="0">
    <subfield code="a">Precalculus :</subfield>
    <subfield code="b">mathematics for calculus /</subfield>
    <subfield code="c">James Stewart, Lothar Redlin, Saleem Watson.</subfield>
  </datafield>
  <datafield tag="250" ind1=" " ind2=" ">
    <subfield code="a">5th ed.</subfield>
  </datafield>
  <datafield tag="260" ind1=" " ind2=" ">
    <subfield code="a">Belmont, CA :</subfield>
    <subfield code="b">Thomson Brooks/Cole,</subfield>
    <subfield code="c">c2006.</subfield>
  </datafield>
  <datafield tag="300" ind1=" " ind2=" ">
    <subfield code="a">1 v. (various pagings) ;</subfield>
    <subfield code="c">26 cm. +</subfield>
    <subfield code="e">1 CD-ROM (4 3/4 in.)</subfield>
  </datafield>
  <datafield tag="505" ind1=" " ind2=" ">
    <subfield code="a">Fundamentals (page-1), Functions (Page-146), Polynomial and Rational Functions (Page-248), Exponential and Logarithmic Functions (Page-326), Trigonometric Functions of Real Numbers (Page-398), Trigonometric Functions of Angles (Page-466), Analytic Trigonometry (Page-526), Polar Coordinates and Vectors (Page-580), Systems of Equations and Inequalities (Page-634), Analytic Geometry (Page-742), Sequences and Series (Page-820), Limits: A Preview of Calculus (Page-880).</subfield>
  </datafield>
  <datafield tag="650" ind1=" " ind2="0">
    <subfield code="a">Mathematics</subfield>
    <subfield code="v">Textbooks.</subfield>
    <subfield code="9">35909</subfield>
  </datafield>
  <datafield tag="650" ind1=" " ind2="0">
    <subfield code="a">Precalculus</subfield>
    <subfield code="v">Textbooks.</subfield>
    <subfield code="9">103093</subfield>
  </datafield>
  <datafield tag="700" ind1="1" ind2=" ">
    <subfield code="a">Redlin, L.</subfield>
    <subfield code="9">103094</subfield>
  </datafield>
  <datafield tag="700" ind1="1" ind2=" ">
    <subfield code="a">Watson, Saleem.</subfield>
    <subfield code="9">103095</subfield>
  </datafield>
  <datafield tag="942" ind1=" " ind2=" ">
    <subfield code="2">ddc</subfield>
    <subfield code="c">BK</subfield>
    <subfield code="k">515.25,STE</subfield>
  </datafield>
  <datafield tag="999" ind1=" " ind2=" ">
    <subfield code="c">592395</subfield>
    <subfield code="d">592395</subfield>
  </datafield>
  <datafield tag="952" ind1=" " ind2=" ">
    <subfield code="0">0</subfield>
    <subfield code="1">0</subfield>
    <subfield code="2">ddc</subfield>
    <subfield code="4">0</subfield>
    <subfield code="7">0</subfield>
    <subfield code="a">MCS</subfield>
    <subfield code="b">MCS</subfield>
    <subfield code="c">GEN</subfield>
    <subfield code="d">2022-11-18</subfield>
    <subfield code="l">0</subfield>
    <subfield code="o">515.25,STE</subfield>
    <subfield code="p">MCS37866</subfield>
    <subfield code="r">2022-11-18</subfield>
    <subfield code="w">2022-11-18</subfield>
    <subfield code="y">BK</subfield>
    <subfield code="z">Almirah No.13, Shelf No.3</subfield>
  </datafield>
</record>
